CPA Study Text Company Law (Record no. 6751)

MARC details
005 - DATE AND TIME OF LATEST TRANSACTION
control field 20250716160902.0
020 ## - INTERNATIONAL STANDARD BOOK NUMBER
International Standard Book Number 978-9966-25-038-4
082 ## - DEWEY DECIMAL CLASSIFICATION NUMBER
Classification number 346 BRP
111 ## - MAIN ENTRY--MEETING NAME
Meeting name or jurisdiction name as entry element BR Professional Education
245 ## - TITLE STATEMENT
Title CPA Study Text Company Law
260 ## - PUBLICATION, DISTRIBUTION, ETC.
Place of publication, distribution, etc. Nairobi,
Name of publisher, distributor, etc. BR Professional Education Ltd.,
Date of publication, distribution, etc. 2012.
300 ## - PHYSICAL DESCRIPTION
Extent xvi,296p.
Dimensions 30cm
942 ## - ADDED ENTRY ELEMENTS (KOHA)
Source of classification or shelving scheme Dewey Decimal Classification
Koha item type Books
Holdings
Date last seen Total checkouts Full call number Barcode Cost, replacement price Price effective from Koha item type Lost status Source of classification or shelving scheme Damaged status Not for loan Withdrawn status Home library Current library Shelving location Date acquired Source of acquisition Cost, normal purchase price
07/16/2025   346 BRP MZA0003250 90000.00 07/16/2025 Books   Dewey Decimal Classification       CBE Mwanza CBE Mwanza General Collection 06/27/2025 Donation from NBAA 30000.00